LEADER 01498nas 2200469-a 450 001 996214844003316 005 20221107200715.0 011 $a2104-3825 035 $a(CKB)954925440574 035 $a(CONSER)--2011234622 035 $a(DE-599)ZDB2455958-1 035 $a(OCoLC)60627873 035 $a(EXLCZ)99954925440574 100 $a20050614a18769999 --- - 101 0 $afre 135 $aurun||||||||| 181 $ctxt$2rdacontent 182 $cc$2rdamedia 183 $acr$2rdacarrier 200 10$aRevue historique 210 $aParis $cLibrairie G. Baillee?re$d1876- 210 2 $aParis $cLibrairie Fe?lix Alcan 210 3 $aParis $cPresses Universitaires de France 300 $aVols. for 1937-1940 issued in 2 pts: Me?moires et e?tudes (composing v. 179-180, 182-183, 185-186, 188-189 of the Revue), and: Bulletin critiques (composing v. 181, 184, 187, 190). 300 $aRefereed/Peer-reviewed 311 $a0035-3264 606 $aHistory$vPeriodicals 606 $aHistoire$vPe?riodiques 606 $aHistory$2gtt$3(NL-LeOCL)078518660 606 $aHISTORIA$xPUBLICACIONES PERIODICAS$2renib 606 $aHistory$2fast$3(OCoLC)fst00958235 608 $aPeriodicals.$2fast 615 0$aHistory 615 6$aHistoire 615 17$aHistory. 615 7$aHISTORIA$xPUBLICACIONES PERIODICAS. 615 7$aHistory. 676 $a905 906 $aJOURNAL 912 $a996214844003316 996 $aRevue Historique$977552 997 $aUNISA LEADER 01126cam0 22002891 450 001 SOBE00085900 005 20260227104434.0 100 $a20260227d1992 |||||ita|0103 ba 101 $aita 102 $aIT 105 $a BS 200 1 $a<>giardino di San Marco$emaestri e compagni del giovane Michelangelo$eFirenze, Casa Buonarroti, 30 giugno-19 ottobre 1992$fa cura di Paola Barocchi 210 $aCinisello Balsamo$cSilvana$d[1992] 215 $a175 p.$cill.$d26 cm 300 $aCatalogo della Mostra 300 $aIn testa al front.: Ministero per i beni culturali e ambientali, Ente Casa Buonarroti 500 11$a<>giardino di San Marco$3SOBA00037397$9551576 702 1$aBarocchi, Paola$3AF00010119$4070 801 0$aIT$bUNISOB$c20260227$gRICA 850 $aUNISOB 852 $aUNISOB$jFondo|Calì$m185182 912 $aSOBE00085900 940 $aM 102 Monografia moderna SBN 941 $aM 957 $aFondo|Calì$b002655$gSI$d185182$n20250721$hCali$rDono$tN$1rovito$2UNISOB$3UNISOB$420260227104313.0$520260227104341.0$6rovito 996 $aGiardino di San Marco$9551576 997 $aUNISOB